| 000 | 00549nam a2200193Ia 4500 | ||
|---|---|---|---|
| 003 | GCL | ||
| 008 | 140319s9999 xx 000 0 ara d | ||
| 040 |
_aGCL / _cGCL |
||
| 082 | 0 | 4 |
_a813.03 _bن ل |
| 100 | 1 | _aنجيب محفوظ | |
| 245 | 1 | 0 |
_aاللص والكلاب / _cنجيب محفوظ |
| 260 |
_aالقاهرة : _bمكتبة مصر |
||
| 300 |
_a175 ص ؛ _c25سم |
||
| 490 |
_aمكتبة مصر _v0 |
||
| 650 | 0 | 4 | _aالادب العربى |
| 650 | 0 | 4 | _aالقصة العربية |
| 650 | 0 | 4 | _aنجيب محفوظ |
| 942 |
_2ddc _cBK |
||
| 999 |
_c39427 _d39427 |
||